000 00871nam a22002417a 4500
003 DO-SdBNP
005 20160610092509.0
008 160602b 1998 cl a xxu||||| |||| 00| 0 spa d
020 _a9580443416
040 _aBPMSU
_bspa
_cBPMSU
092 _axxxxx
_bxxxxx
245 0 0 _aCurso rápido de Microsoft® PowerPoint 97 /
_cOnline Press Inc. ; traducción de Gabriel Borrero.
246 1 0 _aQuick course in Microsoft® PowerPoint 97.
260 _aBogotá, Colombia :
_bNorma ; Microsoft Press,
_c1998.
300 _a192 p. :
_bil. ;
_c24 cm.
490 1 _aCurso rápido de Microsoft
500 _aManual para PowerPoint 97para windows 95 y windows NT versión 4.0.
700 1 2 _aBorrero, Gabriel,
_etr.
700 1 2 _aBorrero, Grabriel,
_etr.
830 _pCurso rápido de Microsoft
942 _2ddc
_cBK
956 _2LOPEREZ
_310
_620160602
_8BPMSU
_a00041
999 _c10265
_d10265